000 00745cam a2200229 a 4500
001 3821978
005 20240228115347.0
008 870127s1984 pk r 001 0 eng
010 _a 85931410
040 _aDLC
_cDLC
_dDLC
043 _aa-pk---
050 0 0 _aT177.P18
_bR37 1984
082 0 0 _a338.95491
_219
_bRES
245 0 0 _aResearch and development activities in Pakistan.
260 _aIslamabad :
_bPakistan Council for Science and Technology,
_c1984.
300 _a162 p. ;
_c24 cm.
500 _aIncludes indexes.
650 0 _aResearch, Industrial
_zPakistan
_xDirectories.
_9121596
710 2 _aPakistan Council for Science and Technology.
_9121597
906 _a7
_bcbc
_corignew
_d3
_encip
_f19
_gy-gencatlg
942 _2ddc
_cBK
999 _c348549
_d348549